00405nam a2200121 i 4500001000300000100001600003245008800019260002100107040000800128041000800136008004100144856009800185bg1 aSZANTYR, J. 0aMetoda opisu teoretyczne zmiennych w czasie zjawisk kawitacyjnych... /cJ. Szantyr. aGdanˁsk,c1983. cBPK apol s pl f |000 0 pol  uhttp://koha.tu.koszalin.pl/cgi-bin/koha/opac-detail.pl?biblionumber=22372yKatalog online BPK